UM Logo

Teaching secondary history / (Record no. 18807)

MARC details
000 -LEADER
fixed length control field 00915nam a22002417a 4500
008 - FIXED-LENGTH DATA ELEMENTS--GENERAL INFORMATION
fixed length control field 240129b ||||| |||| 00| 0 eng d
020 ## - INTERNATIONAL STANDARD BOOK NUMBER
International Standard Book Number 9781108969987
082 ## - DEWEY DECIMAL CLASSIFICATION NUMBER
Edition number 2022
Classification number DC 373.190994
Item number Sh236
100 ## - MAIN ENTRY--PERSONAL NAME
Personal name Sharp, Heather.
9 (RLIN) 50922
245 ## - TITLE STATEMENT
Title Teaching secondary history /
Statement of responsibility, etc. Heather Sharp and seven others.
260 ## - PUBLICATION, DISTRIBUTION, ETC. (IMPRINT)
Place of publication, distribution, etc. New York :
Name of publisher, distributor, etc. Cambridge University Press,
Date of publication, distribution, etc. ©2022.
300 ## - PHYSICAL DESCRIPTION
Extent xiii, 290 pages :
Other physical details illustrations ;
Dimensions 25 cm.
500 ## - GENERAL NOTE
General note Includes references and index.
650 ## - SUBJECT ADDED ENTRY--TOPICAL TERM
Topical term or geographic name as entry element History
General subdivision Study and teaching (Secondary)
Geographic subdivision Australia.
9 (RLIN) 51449
700 ## - ADDED ENTRY--PERSONAL NAME
Personal name Bedford, Alison.
Relator term author.
9 (RLIN) 50923
700 ## - ADDED ENTRY--PERSONAL NAME
Personal name Goulding, James.
Relator term author.
9 (RLIN) 50924
700 ## - ADDED ENTRY--PERSONAL NAME
Personal name Von Guttner, Darius.
Relator term author.
9 (RLIN) 50925
700 ## - ADDED ENTRY--PERSONAL NAME
Personal name Dallimore, Jonathon.
Relator term author.
9 (RLIN) 50926
700 ## - ADDED ENTRY--PERSONAL NAME
Personal name Kerby, Martin.
Relator term author.
9 (RLIN) 50927
700 ## - ADDED ENTRY--PERSONAL NAME
Personal name Heath, Treesa.
Relator term author.
9 (RLIN) 50928
700 ## - ADDED ENTRY--PERSONAL NAME
Personal name Zarmati, Louise.
Relator term author.
9 (RLIN) 50929
942 ## - ADDED ENTRY ELEMENTS (KOHA)
Source of classification or shelving scheme Dewey Decimal Classification
Koha item type Circulation
Holdings
Withdrawn status Lost status Source of classification or shelving scheme Damaged status Not for loan Collection code Home library Current library Date acquired Source of acquisition Cost, normal purchase price Total Checkouts Full call number Barcode Date last seen Price effective from Koha item type
    Dewey Decimal Classification     Circulation UM Digos College - LIC UM Digos College - LIC 08/08/2023 Purchased 6960.00   DC 373.190994 Sh2361 2022 27450 05/15/2025 01/29/2024 Circulation